000 00244 a2200097 4500
001 7051
100 _aHusain, A
245 _aTarikh-e-Ibin-e-Khuldoon(Ameeran-e-Indlus aur Khulfa-e-Misar)
260 _a
_bNafees Academy
_c
090 _c5821
_d5821
942 _aNUST-CAE
_cM
_c32291
999 _c242124
_d242124